Elements of Mathematical Foundations For BCA-11nd sem (Record no. 12015)

MARC details
000 -LEADER
fixed length control field 00500nam a22002057a 4500
003 - CONTROL NUMBER IDENTIFIER
control field OSt
008 - FIXED-LENGTH DATA ELEMENTS--GENERAL INFORMATION
fixed length control field 230510b |||||||| |||| 00| 0 eng d
020 ## - INTERNATIONAL STANDARD BOOK NUMBER
International Standard Book Number 9788190953894
082 ## - DEWEY DECIMAL CLASSIFICATION NUMBER
Classification number 510 JAE
100 ## - MAIN ENTRY--PERSONAL NAME
Personal name JAIN, ML
245 ## - TITLE STATEMENT
Title Elements of Mathematical Foundations For BCA-11nd sem
250 ## - EDITION STATEMENT
Edition statement -
260 ## - PUBLICATION, DISTRIBUTION, ETC. (IMPRINT)
Place of publication, distribution, etc NEW DELHI
Name of publisher, distributor, etc Jeevansons Pub.
Date of publication, distribution, etc 2018
300 ## - PHYSICAL DESCRIPTION
Extent MISC
650 ## - SUBJECT ADDED ENTRY--TOPICAL TERM
Topical term or geographic name as entry element Decentralization
700 ## - ADDED ENTRY--PERSONAL NAME
Personal name PUNIA,Rajkala
700 ## - ADDED ENTRY--PERSONAL NAME
Personal name SHARMA,JK
700 ## - ADDED ENTRY--PERSONAL NAME
Personal name NIKET
942 ## - ADDED ENTRY ELEMENTS (KOHA)
Source of classification or shelving scheme Dewey Decimal Classification
Koha item type Reference Books
Holdings
Withdrawn status Lost status Source of classification or shelving scheme Damaged status Not for loan Collection code Home library Current library Date acquired Source of acquisition Currency Cost, normal purchase price Bill Number Total Checkouts Full call number Acc. no. / Barcode Date last seen Actual Cost, discounted price Bill Date Koha item type Public note Date last borrowed
    Dewey Decimal Classification     MCA PIET C-LIBRARY PIET C-LIBRARY 15/04/2023 Vijay Book Depot IN RUPEES 285.00 438   510 JAE 34978 10/05/2023 242.25 15/04/2023 Reference Books Decentralization  
    Dewey Decimal Classification     MCA PIET C-LIBRARY PIET C-LIBRARY 15/04/2023 Prem Book Depot IN RUPEES 285.00 2879 1 510 JAE 34981 12/06/2025 242.25 15/04/2023 Text Books Decentralization 30/05/2025

Design & Developed by: PIET Central Library
R70 Miles Stone Pattikalyana Samalkha Panipat 132102
mail ID :- [email protected], Phone No:- 0180-2569700 Ex.216